Catálogo público

Enfermedades del tomate : (Record no. 208305)

MARC details
000 -CABECERA
campo de control de longitud fija 00665nam a2200229Ia 4500
001 - NÚMERO DE CONTROL
campo de control Para_9631
008 - DATOS DE LONGITUD FIJA--INFORMACIÓN GENERAL
campo de control de longitud fija 220125s2005 xx 000 0 und d
010 ## - NÚMERO DE CONTROL DE LA BIBLIOTECA DEL CONGRESO
Número de control de LC 208305
082 ## - NÚMERO DE LA CLASIFICACIÓN DECIMAL DEWEY
Número de clasificación PA635.642 .B5y
100 ## - ENTRADA PRINCIPAL--NOMBRE DE PERSONA
Nombre de persona Blancard, D.
9 (RLIN) 165706
245 ## - MENCIÓN DE TÍTULO
Título Enfermedades del tomate :
Resto del título observar, identificar, luchar /
Mención de responsabilidad, etc. D. Blancard
260 ## - PUBLICACIÓN, DISTRIBUCIÓN, ETC.
Lugar de publicación, distribución, etc. España :
Nombre del editor, distribuidor, etc. Mundi prensa
300 ## - DESCRIPCIÓN FÍSICA
Extensión 212 p.
650 ## - PUNTO DE ACCESO ADICIONAL DE MATERIA--TÉRMINO DE MATERIA
Término de materia o nombre geográfico como elemento de entrada Tomate
Subdivisión general enfermedades
9 (RLIN) 113711
700 ## - PUNTO DE ACCESO ADICIONAL--NOMBRE DE PERSONA
Nombre de persona Peña Iglesias, Antonio, tr.
9 (RLIN) 174628
901 ## - ELEMENTOS DE DATOS A LOCAL LDA (RLIN)
a PA635.642 .B5Y
902 ## - ELEMENTOS DE DATOS B LOCAL, LDB (RLIN)
a M
905 ## - ELEMENTOS DE DATOS E LOCAL, LDE (RLIN)
a 5232272005 sp D 8022223021spa20
910 ## - DATOS DE OPCIÓN DEL USUARIO (OCLC)
Datos de opción del usuario 2005
942 ## - ELEMENTOS DE PUNTO DE ACCESO ADICIONAL (KOHA)
Tipo de ítem Koha Parasitologia_
-- 1

No items available.